L'Économie française dans le monde

Wedi'i Gadw mewn:
Manylion Llyfryddiaeth
Prif Awdur: Fourastié, Jean
Fformat: Llyfr
Iaith:Undetermined
Cyhoeddwyd: Paris P.U.F. 1975
Pynciau:
Tagiau: Ychwanegu Tag
Dim Tagiau, Byddwch y cyntaf i dagio'r cofnod hwn!
Thư viện lưu trữ: Trung tâm Học liệu Trường Đại học Cần Thơ
LEADER 00505nam a2200181Ia 4500
001 CTU_82102
008 210402s9999 xx 000 0 und d
082 |a 330.9 
082 |b F773 
100 |a Fourastié, Jean 
245 0 |a L'Économie française dans le monde 
245 0 |c Jean Fourastié, Jean-Paul Courthéoux 
260 |a Paris 
260 |b P.U.F. 
260 |c 1975 
650 |a Economic conditions 
904 |i Trọng Hải 
980 |a Trung tâm Học liệu Trường Đại học Cần Thơ